El estado constitucional en hispanoamérica 1811-1991. Ventura y desventura de un ideal Europeo de gobierno en el Nuevo Mundo.
Salvato in:
| Autore principale: | |
|---|---|
| Natura: | Libro |
| Lingua: | inglese |
| Pubblicazione: |
México D.F., México:
Escuela Libre de Derecho,
1992.
|
| Soggetti: | |
| Tags: |
Aggiungi Tag
Nessun Tag, puoi essere il primo ad aggiungerne!!
|
MARC
| LEADER | 00000nam a2200000 a 4500 | ||
|---|---|---|---|
| 001 | UCW7982 | ||
| 003 | CL-VaPUC | ||
| 005 | 20220822114507.0 | ||
| 008 | 220616b1992 ||||| |||| 00| 0 eng d | ||
| 999 | |c 436078 |d 436076 | ||
| 020 | |a 968-6236-05-8 | ||
| 040 | |c Pontificia Universidad Católica de Valparaíso | ||
| 082 | 7 | |a 320.98 BRA 1992 |2 22 | |
| 100 | 0 | |a Bravo Lira, Bernardino |e autor |9 313110 | |
| 245 | |a El estado constitucional en hispanoamérica 1811-1991. |b Ventura y desventura de un ideal Europeo de gobierno en el Nuevo Mundo. | ||
| 260 | |a México D.F., México: |b Escuela Libre de Derecho, |c 1992. | ||
| 300 | |a 229 páginas. | ||
| 500 | |a c.1 Donación Familia Prof. Alejandro Guzmán Brito. | ||
| 583 | |a last modification |c 19871022 00:00:00 |k Cristina María Rojas Aguilar | ||
| 650 | |a Democracia |x América latina |y 1811-1991 |9 870877 | ||
| 942 | |c BK |2 ddc |n 0 | ||
| 952 | |0 0 |1 0 |2 ddc |4 0 |6 320_980000000000000_BRA_1992 |7 0 |8 C_AGB |9 583809 |a BIBDER |b BIBDER |d 2022-06-16 |e Donación |i 5651933 |o 320.98 BRA 1992 |p 5651933 |r 2023-01-25 |t 1 |w 2022-06-16 |y BK_US |k AGB | ||